Statistics for Wales Euro 2020 Squad

Click here to take the quiz!

General Stats

  • This quiz has been taken 361 times
    (352 since last reset)
  • The average score is 13 of 27

Answer Stats

#PositionPlayer% Correct
11FW ©Gareth Bale
99%
10MFAaron Ramsey
85%
1GKWayne Hennessey
69%
12GKDanny Ward
68%
20MFDaniel James
63%
13FWKieffer Moore
62%
3DFNeco Williams
60%
4DFBen Davies
59%
18MFJonny Williams
59%
21GKAdam Davies
56%
17DFRhys Norrington-Davies
56%
15DFEthan Ampadu
55%
7MFJoe Allen
54%
14DFConnor Roberts
48%
6DFJoe Rodon
48%
9FWTyler Roberts
48%
8MFHarry Wilson
46%
22DFChris Mepham
37%
ManagerRob Page
37%
2DFChris Gunter
36%
19MFDavid Brooks
29%
16MFJoe Morrell
29%
26MFMatthew Smith
24%
24DFBen Cabango
20%
25MFRubin Colwill
19%
23MFDylan Levitt
17%
5DFTom Lockyer
17%

Score Distribution

Percentile by Number Answered

Percent of People with Each Score

Your Score History

You have not taken this quiz since the last reset